000 01700nam a2200337Ia 4500
999 _c53450
_d53450
001 20494
003 GE_BSU
005 20210105225556.0
008 181216s1990||||ge |||||||||||||| ||geo||
040 _cGE_BSU
041 _ageo
080 _a811.353.1-8(075.3) შ-21
100 _aშანიძე, აკაკი
_99994
245 _aქართული ენა (გრამატიკა, ფონეტიკა, გრაფიკა, ლექსიკა, პუნქტუაცია, მეტყველების განვითარება) :
_bმე-5 კლასის სახელმძღვანელო /
_cაკაკი შანიძე, ი. იმნაიშვილი, ლ. კვაჭაძე ; რედ. ე. პოლოლიკაშვილი.
250 _aმე-7 გამოცემა
264 _aთბილისი :
_bგანათლება,
_c1990.
300 _a123 გვ. ;
_c 22 სმ.
541 _h60 თ.
653 _aმე-5 კლასის სახელმძღვანელო
653 _aქართული ენა
653 _aგრამატიკა
653 _aფონეტიკა
653 _aგრაფიკა
653 _aლექსიკა
653 _aპუნქტუაცია
653 _aმეტყველების განვითარება
700 _a იმნაიშვილი, ი.
_eავტორი
_99995
700 _aკვაჭაძე, ლ.
_eავტორი
_99996
700 _aპოლოლიკაშვილი, ე.
_eრედაქტორი
_94959
942 _cBK
_2udc